000 01015nam a2200277 a 4500
001 000028136
003 DO-SdBNP
005 20240502103016.0
007 ta
008 110406s1959 dr 000 0 spa d
040 _aDO-SdBNP
_bspa
_cBNPHU
_erda
082 _a972.93053
_bP979i
_222
100 1 _aPuigsubira-Miniño, Juan Enrique
_qJohnny
_955139
245 1 0 _aInmolación :
_bdiario de campaña de un soldado de la libertad /
_cJuan Enrique Puigsubira-Miniño ; prólogo Luis Aquiles Mejía.
264 _aSanto Domingo :
_bMontalvo,
_c1959.
300 _a37 paginas. ;
_c25 cm.
336 _2dracontent
_atexto
_btxt
337 _2rdamedia
_asin mediación
_bn
338 _2rdacarrier
_avolumen
_bnc
500 _aCordillera Central Frente de Liberación de Constanza junio 1959
590 _aInventariado, 2024/DG
650 4 _aPuigsubira Miniño, Juan Enrique. Johnny*1931-1959
_985370
650 4 _aRepública Dominicana
_vEra de Trujillo*1930-1961
_xHistoria
_985371
910 _aDG
942 _2ddc
_cLBS1
999 _c27628
_d27628